<?xml version="1.0" encoding="UTF-8"?><?xml-stylesheet type="text/xsl" href="static/style.xsl"?><OAI-PMH xmlns="http://www.openarchives.org/OAI/2.0/" xmlns:xsi="http://www.w3.org/2001/XMLSchema-instance" xsi:schemaLocation="http://www.openarchives.org/OAI/2.0/ http://www.openarchives.org/OAI/2.0/OAI-PMH.xsd"><responseDate>2026-06-07T13:53:17Z</responseDate><request verb="GetRecord" identifier="oai:docta.ucm.es:20.500.14352/120219" metadataPrefix="marc">https://docta.ucm.es/rest/oai/request</request><GetRecord><record><header><identifier>oai:docta.ucm.es:20.500.14352/120219</identifier><datestamp>2025-06-03T23:47:34Z</datestamp><setSpec>com_20.500.14352_14</setSpec><setSpec>col_20.500.14352_15</setSpec></header><metadata><record xmlns="http://www.loc.gov/MARC21/slim" xmlns:dcterms="http://purl.org/dc/terms/" xmlns:xsi="http://www.w3.org/2001/XMLSchema-instance" xmlns:doc="http://www.lyncode.com/xoai" xsi:schemaLocation="http://www.loc.gov/MARC21/slim http://www.loc.gov/standards/marcxml/schema/MARC21slim.xsd">
   <leader>00925njm 22002777a 4500</leader>
   <datafield ind2=" " ind1=" " tag="042">
      <subfield code="a">dc</subfield>
   </datafield>
   <datafield ind2=" " ind1=" " tag="720">
      <subfield code="a">Kurniawan, Handy</subfield>
      <subfield code="e">author</subfield>
   </datafield>
   <datafield ind2=" " ind1=" " tag="720">
      <subfield code="a">Savin, Valentin</subfield>
      <subfield code="e">author</subfield>
   </datafield>
   <datafield ind2=" " ind1=" " tag="720">
      <subfield code="a">G. Almudéver, Carmen</subfield>
      <subfield code="e">author</subfield>
   </datafield>
   <datafield ind2=" " ind1=" " tag="720">
      <subfield code="a">García Herrero, Francisco Miguel</subfield>
      <subfield code="e">author</subfield>
   </datafield>
   <datafield ind2=" " ind1=" " tag="260">
      <subfield code="c">2025-05-16</subfield>
   </datafield>
   <datafield ind2=" " ind1=" " tag="520">
      <subfield code="a">Quantum polar codes are a class of capacity-achieving quantum codes, with fast and efficient error syndrome decoding for Pauli channels, emerging as a promising approach to fault-tolerant quantum computation. However, their implementation on superconducting quantum hardware with connectivity constraints is hindered by the need for long-range qubit interactions, which increases CNOT gate usage and reduces fidelity. A full-stack software framework for implementing quantum polar codes is presented, integrating a noise-aware compilation approach that optimizes resource usage by combining quantum and classical software. Experimental results demonstrate significant improvements in logical state preparation rates, with resource savings from 10% to 81% for both quantum and classical computations.</subfield>
   </datafield>
   <datafield ind1="8" ind2=" " tag="024">
      <subfield code="a">Kurniawan H, Savin V, Almudéver CG, Herrero FG. Implementing Quantum Polar Codes in a Superconducting Processor: From State Preparation to Decoding. IEEE Softw 2025; : 1–8. [DOI: 10.1109/MS.2025.3569447]</subfield>
   </datafield>
   <datafield ind1="8" ind2=" " tag="024">
      <subfield code="a">10.1109/MS.2025.3569447</subfield>
   </datafield>
   <datafield ind1="8" ind2=" " tag="024">
      <subfield code="a">https://hdl.handle.net/20.500.14352/120219</subfield>
   </datafield>
   <datafield ind1="8" ind2=" " tag="024">
      <subfield code="a">https://ieeexplore.ieee.org/document/11006011</subfield>
   </datafield>
   <datafield ind2="0" ind1="0" tag="245">
      <subfield code="a">Implementing Quantum Polar Codes in a Superconducting Processor: From State Preparation to Decoding</subfield>
   </datafield>
</record></metadata></record></GetRecord></OAI-PMH>